Nie je výnos ako výnos
Termínovaný vklad - nenáročný spôsob investovania, ktorý prináša výnos. Vklad s garantovaným výnosom. Praktické príklady.
Gespeichert in:
| 1. Verfasser: | |
|---|---|
| Format: | Buchkapitel |
| Sprache: | Slowakisch |
| Schlagworte: | |
| Tags: |
Keine Tags, Fügen Sie das erste Tag hinzu!
|
MARC
| LEADER | 00000naa$a2200000$$$4500 | ||
|---|---|---|---|
| 001 | 0081466 | ||
| 005 | 20240502071920.6 | ||
| 041 | 0 | |a slo | |
| 044 | |a SK | ||
| 245 | 1 | 0 | |a Nie je výnos ako výnos |c Peter Markovič |
| 520 | |a Termínovaný vklad - nenáročný spôsob investovania, ktorý prináša výnos. Vklad s garantovaným výnosom. Praktické príklady. | ||
| 610 | 2 | 0 | |a výnosy |
| 610 | 2 | 0 | |a investovanie |
| 610 | 2 | 0 | |a investície |
| 610 | 2 | 0 | |a vklady |
| 610 | 2 | 0 | |a úrok |
| 100 | 1 | |a Markovič, Peter, 1974- | |